000 00850nam a2200253 a 4500
001 BRCA_8076
005 20190320210124.0
008 030414s1963----nyua###f##---#001-0#eng-#
041 _aeng
044 _anyu
050 4 _aNK7143
_b.E54 1963
245 1 0 _aEnglish and other silver in the Irwin Untermyer collection
_ctext by Yvonne Hackenbroch ; prolog von Irwin Untermyer.
260 _aNueva York
_bMetropolitan Museum of Art
_c1963
300 _axxx, 96 p.
_bil., 200 láminas
440 0 _aIrwin Untermyer collection
_920074
500 _aVer también X43
500 _aY105
650 1 4 _aPlatería inglesa
_vColecciones particulares
_920075
650 1 4 _aPlatería
_vColeccionistas y colecciones
_zInglaterra
_920076
700 1 _aHackenbroch, Yvonne
_913599
700 1 _aUntermyer, Irwin
_eprol.
_919315
902 _aGFM
942 _2lcc
_cB
999 _c7744
_d7744